000 01638nab a22002777a 4500
999 _c6469
_d6469
003 OSt
005 20260209122123.0
008 190506c xxu||||| |||| 00| 0 spa d
040 _cPJ
100 _95719
_aVelesquen Sáenz, Gustavo E.
245 1 0 _aImplicancias laborales del Reglamento Europeo sobre Inteligencia Artificial /
_cGustavo E. Velesquen Sáenz.
260 _aBuenos Aires :
_bAbeledoPerrot,
_c2025.
300 _ap. 3-16
500 _aCita: TR LALEY AR/DOC/235/2025.
505 _aSumario: I. Introducción: contexto regulatorio del Reglamento Europeo sobre IA. En enfoque basado en riesgos.— II. Aspectos preliminares del Reglamento Europeo sobre IA relativos al ámbito del trabajo.— III. Considerandos del Reglamento Europeo de Inteligencia Artificial y su proyección al mundo del trabajo.— IV. Sistemas de IA considerados como de riesgo no aceptable en el ámbito del trabajo (art. 5°).— V. Sistemas de IA considerados como de alto riesgo en el ámbito del trabajo (arts. 6.1 y 6.2).— VI. Relación con otras normativas y principios internacionales.— VII. Conclusiones.
505 _t¿Te interesa el texto completo? Comunicate al correo: koha@justierradelfuego.gov.ar
650 0 _91316
_aDERECHO LABORAL
650 0 _9289
_aTECNOLOGIA DE LA INFORMACION
650 0 _96081
_aCIENCIA Y TECNOLOGÍA
650 0 _95233
_aPANDEMIA
650 0 _95817
_aINTELIGENCIA ARTIFICIAL
650 0 _9273
_aDERECHO INFORMATICO
650 0 _94439
_aTELETRABAJO
773 0 _02751
_93202
_dBuenos Aires : AbeledoPerrot, 2013-
_tRevista de derecho laboral y seguridad social. Nº 6 - Marzo 2025
942 _2udc
_cANA